000 00421nab a2200145Ia 4500
003 ES-SlBCS
005 20210601124308.0
008 140529s1978 xxu||||| |||| 00| 0 eng d
041 _aeng
100 1 _aBriod, Marc
_9139309
245 0 0 _aEducation in the Clockwork Social Order
_c Marc Briod
650 0 4 _aEducación
_986687
773 0 _tEducational Theory
_gvol. 28, nº. 4, 1978, págs. 266-278
_wRev1399
942 _cAR
999 _c512462
_d512462